L’année 2017 - Statistiques

Statistiques générales
  • Ce quiz a été pris 127 fois
  • Le résultat moyen est 11 sur 28
Statistiques - réponses
Hint Réponse % Correct
Comment s’appelle le nouveau président français ? Emmanuel Macron
100%
Quelle star brésilienne du football a rejoint le PSG en août 2017 ? Neymar
83%
Quelle région d’Espagne a officiellement déclaré son indépendance le 27 octobre 2017 ? Catalogne
80%
Quelle épidémie a obligé les éleveurs du sud-ouest à abattre des millions de volailles ? Grippe aviaire
62%
Quel mouvement français a été créé après les accusations d’agressions sexuelles contre Harvey Weinstein ? Balance ton porc
56%
Face à quelle ville Paris était en compétition pour être la ville olympique de 2024 ? Los Angeles
54%
À quelle position la France a-t-elle terminé le concours de l’Eurovision 2017 ? 12ème place
50%
Après la sortie du concert de quelle chanteuse, y’a t’il eu un attentat à Manchester ? Ariana Grande
50%
Dans quelle émission de M6, l’un des membres du jury a été accusé d’agressions sexuelles et a été évincé ? La France a un incroyable talent
50%
Dans quel aéroport français a eu lieu un attentat ? Orly
50%
Dans quelle ville de Russie, une bombe a explosé dans un métro ? Saint-Pétersbourg
50%
Qui fut élue Miss Univers 2016 le 30 janvier 2017 aux Philippines ? Iris Mittenaere
48%
Sur quelle île française a été enterré Johnny Hallyday ? Saint-Barthélémy
47%
Qui a remporté le Vendée Globe en début d'année ? Armel le Cléac’h
46%
Quelle ancienne sportive a été nommée ministre des Sports le 17 mai ? Laura Flessel
45%
En l’honneur de quel grand couturier français deux musées ont ouvert cette année, l’un à Paris, l’autre à Marrakech ? Yves Saint Laurent
45%
Contre quel pays les handballeuses françaises ont remporté la finale du championnat du monde ? Norvège
39%
Dans quelle ville étrangère une annexe du Louvre a-t-elle été inaugurée en novembre ? Abu Dhabi
36%
Quel présentateur de journal télévisé a présenté sa dernière édition le 8 juin 2017 ? David Pujadas
28%
Quel produit phytosanitaire controversé l’Union européenne a-t-elle autorisé pour cinq ans de plus le 27 novembre ? glyphosate
26%
La France a remporté sa 10ème coupe Davis cette année. Face à quel pays les Bleus étaient-ils en finale ? Belgique
23%
En octobre, un produit commencé à manquer dans les supermarchés français. De quel produit s’agit-il ? beurre
19%
Comment s’appelle le parti politique créé par Florian Philippot ? Les Patriotes
17%
Comment s’appelle l’ouragan qui a frappé les Antilles et la Floride ? Irma
11%
Dans quel quartier de Londres a eu lieu un attentat revendiqué par l’état Islamique le 22 mars 2017 ? Westminster
9%
Quelle ville de France a fêté ses 500 ans cette année avec, en juillet, une parade des Géants du Royal de Luxe ? Le Havre
6%
Comment s’appelle le premier robot à avoir une nationalité, en l’occurrence la nationalité saoudienne ? Sophia
4%
Dans quelle ville a eu lieu le G20 ? Hambourg
2%
Aucun quiz correspondant
Distribution des résultats
% des personnes avec chaque résultat
Percentile par nombre de réponses
Votre historique - résultats
Vous n’avez pas pris ce quiz